Interaktivita logistiky a kvality diplomová práca

Salvato in:
Dettagli Bibliografici
Autore principale: Rybová, Hana
Ente Autore: Fakulta podnikového manažmentu EU. Katedra manažmentu výroby a logistiky - zrušená
Altri autori: Polačko, Vladimír
Natura: Libro
Lingua:slovacco
Pubblicazione: Bratislava 2011
Tags: Aggiungi Tag
Nessun Tag, puoi essere il primo ad aggiungerne!!

MARC

LEADER 00000nbm a2200000 4500
001 0131507
005 20161109101710.1
041 0 |a slo 
044 |a SK 
245 1 0 |a Interaktivita logistiky a kvality  |b diplomová práca  |c Hana Rybová ; školiteľ: Vladimír Polačko 
264 1 |a Bratislava  |c 2011 
300 |a 69 s. 
100 1 |a Rybová, Hana 
700 1 |a Polačko, Vladimír 
710 2 |a Fakulta podnikového manažmentu EU. Katedra manažmentu výroby a logistiky - zrušená